| 000 | 01183 a2200253 4500 | ||
|---|---|---|---|
| 003 | Nust | ||
| 005 | 20221125111835.0 | ||
| 010 | _a 77150465 | ||
| 020 | _a070637458 | ||
| 040 | _cNust | ||
| 082 | 0 | 0 | _a621.3815,DES |
| 110 | 2 |
_aTexas Instruments Incorporated. _9103582 |
|
| 245 | 1 | 0 |
_aDesigning with TTL integrated circuits / _cEdited by Robert L. Morris and John R. Miller. |
| 260 |
_aNew York, _bMcGraw-Hill _c[1971] |
||
| 300 |
_aix, 322 p. _billus. _c27 cm. |
||
| 490 | 0 | _aTexas Instruments electronics series | |
| 505 | _aIntroduction to Digital Logic (Page-1), Series 54/74 Overview (Page-15), Circuits Analysis and Characteristics of Series 54/74(Page-23), Extended-rang Operation (Page-67), Noise Considerations (Page-83), Combinational Logic Design (Page-107), Flip-Flops (Page-161), Decoders (Page-181), Arithmetic Elements (Page-2111), Counters (Page-243), Shift Registers (Page-285), Other Applications (Page-309). | ||
| 650 | 0 | _aIntegrated circuits. | |
| 650 | 0 | _aTelecommunication engineering | |
| 700 | 1 |
_aAnderson, William D. _9103583 |
|
| 700 | 1 |
_aMiller, John Robert, _d1928- _9103584 |
|
| 700 | 1 |
_aMorris, Robert Loyd, _d1940- _9103585 |
|
| 942 |
_2ddc _cBK |
||
| 999 |
_c182094 _d182094 |
||